000 01418cam a2200349 a 4500
001 13926128
005 20250512094302.0
008 050411s2006 ohuab b 001 0 eng
010 _a 2005925692
020 _a032426951X
040 _aDLC
_cDLC
_dDLC
042 _apcc
043 _an-us---
050 0 0 _aKF889
_b.B255 2006
082 _a346.7307
_bBAG
100 1 _aBagley, Constance E.
_9128928
245 1 0 _aManagers and the legal environment :
_bstrategies for the 21st century /
_cConstance E. Bagley, Diane W. Savage.
250 _a5th ed.
260 _aMason, Ohio :
_bThomson/West,
_cc2006.
300 _axxxix, 1002, [80] p. :
_bill., map ;
_c27 cm.
504 _aIncludes bibliographical references and index.
650 0 _aCommercial law
_zUnited States.
_921884
650 0 _aTrade regulation
_zUnited States.
_9109900
650 0 _aBusiness ethics
_zUnited States.
_914659
700 1 _aSavage, Diane W.
_9128929
856 4 2 _3Contributor biographical information
_uhttp://www.loc.gov/catdir/enhancements/fy1514/2005925692-b.html
856 4 2 _3Publisher description
_uhttp://www.loc.gov/catdir/enhancements/fy1514/2005925692-d.html
856 4 1 _3Table of contents only
_uhttp://www.loc.gov/catdir/enhancements/fy1514/2005925692-t.html
906 _a7
_bcbc
_corignew
_d2
_eepcn
_f20
_gy-gencatlg
942 _2ddc
_cBK
999 _c613702
_d613702